[Event "SA-2015-0-00495"]
[Site "LSS email"]
[Date "2015.11.14"]
[Round "?"]
[White "Skeels, Jim"]
[Black "Maur, Rainer"]
[Result "0-1"]
[WhiteElo "2190"]
[BlackElo "2223"]
[PlyCount "34"]
[EventDate "2015.10.05"]
[EventType "tourn (corr)"]
[EventRounds "6"]
[EventCountry "GER"]
[SourceTitle "Corr 2022"]
[Source "ChessBase"]
[SourceDate "2021.10.24"]
[SourceVersion "1"]
[SourceVersionDate "2021.10.24"]
[SourceQuality "1"]

1. Nf3 Nf6 2. c4 e6 3. Nc3 d5 4. d4 Bb4 5. Bg5 Nbd7 6. cxd5 exd5 7. Qc2 c5 8. dxc5 h6 9. Bd2 Bxc5 10. e3 0-0 11. Rc1 Qe7 12. Be2 a6 13. Qd3 Nb6 14. 0-0 Be6 15. b3 Rac8 16. Nd4 Nbd7 17. Nxe6 Qxe6 0-1

[Event "SA-2015-0-00488"]
[Site "LSS email"]
[Date "2015.09.19"]
[Round "?"]
[White "Eichner, Dieter"]
[Black "Skeels, Jim"]
[Result "1-0"]
[WhiteElo "2129"]
[BlackElo "2197"]
[PlyCount "66"]
[EventDate "2015.08.16"]
[EventType "tourn (corr)"]
[EventRounds "6"]
[EventCountry "GER"]
[SourceTitle "Corr 2022"]
[Source "ChessBase"]
[SourceDate "2021.10.24"]
[SourceVersion "1"]
[SourceVersionDate "2021.10.24"]
[SourceQuality "1"]

1. d4 b6 2. e3 Bb7 3. f4 e6 4. c3 Nf6 5. Nf3 c5 6. Bd3 Nc6 7. Nbd2 Qc7 8. 0-0 d5 9. Ne5 Be7 10. b3 0-0 11. Bb2 a5 12. a4 cxd4 13. exd4 Ba6 14. Bb5 Bb7 15. Qe2 Bd6 16. Bd3 h6 17. g4 Ne7 18. Rae1 Nh7 19. Rf2 f5 20. Ndf3 fxg4 21. Nd2 h5 22. Nf1 Nf6 23. Ng3 h4 24. Nh5 Bxe5 25. Qxe5 Qxe5 26. Rxe5 Ba6 27. Bxa6 Rxa6 28. Nxf6+ Rxf6 29. Rg5 g3 30. hxg3 hxg3 31. Rxg3 Nf5 32. Rh3 Ra7 33. c4 Rc7 1-0

[Event "SA-2015-0-00473"]
[Site "LSS email"]
[Date "2015.06.16"]
[Round "?"]
[White "Skeels, Jim"]
[Black "Hughes, Stephen J"]
[Result "0-1"]
[WhiteElo "2206"]
[BlackElo "2295"]
[PlyCount "52"]
[EventDate "2015.05.04"]
[EventType "tourn (corr)"]
[EventRounds "6"]
[EventCountry "GER"]
[SourceTitle "Corr 2022"]
[Source "ChessBase"]
[SourceDate "2021.10.24"]
[SourceVersion "1"]
[SourceVersionDate "2021.10.24"]
[SourceQuality "1"]

1. b3 e5 2. Bb2 Nc6 3. e3 Nf6 4. Bb5 e4 5. Ne2 a6 6. Bxc6 dxc6 7. 0-0 Bd6 8. Ng3 h5 9. Bxf6 Qxf6 10. Nc3 Bxg3 11. fxg3 Qe7 12. Rf4 f5 13. Qf1 Rf8 14. Qe2 g6 15. Raf1 Rg8 16. d3 exd3 17. Qxd3 Bd7 18. Rd4 0-0-0 19. Rd1 Be6 20. Rxd8+ Rxd8 21. Qxd8+ Qxd8 22. Rxd8+ Kxd8 23. Kf2 Ke7 24. Ne2 c5 25. Nf4 Bf7 26. e4 fxe4 0-1

[Event "SA-2015-0-00465"]
[Site "LSS email"]
[Date "2015.03.31"]
[Round "?"]
[White "Kahl, Fred"]
[Black "Skeels, Jim"]
[Result "1-0"]
[WhiteElo "2317"]
[BlackElo "2198"]
[PlyCount "105"]
[EventDate "2015.02.23"]
[EventType "tourn (corr)"]
[EventRounds "6"]
[EventCountry "GER"]
[SourceTitle "Corr 2022"]
[Source "ChessBase"]
[SourceDate "2021.10.24"]
[SourceVersion "1"]
[SourceVersionDate "2021.10.24"]
[SourceQuality "1"]

1. e4 c5 2. Nf3 d6 3. Bb5+ Bd7 4. Bxd7+ Qxd7 5. c4 Nc6 6. Nc3 g6 7. 0-0 Bg7 8. d3 Nf6 9. Rb1 0-0 10. a3 Ne8 11. Bd2 Nc7 12. h4 Ne6 13. h5 Ned4 14. b4 f5 15. hxg6 hxg6 16. Nxd4 cxd4 17. Ne2 fxe4 18. dxe4 Rf7 19. Rb3 e5 20. Rg3 Ne7 21. Nc1 Rc8 22. Nd3 Rxc4 23. f4 exf4 24. Nxf4 d3 25. Nxg6 Nxg6 26. Rxg6 Rxe4 27. Rf3 Kh7 28. Rxf7 Qxf7 29. Qh5+ Kg8 30. Qg5 Rd4 31. Qd8+ Kh7 32. Rg3 Rd5 33. Qh4+ Rh5 34. Qe4+ Qf5 35. Qxb7 Qe5 36. Rxd3 Qa1+ 37. Kf2 Rf5+ 38. Rf3 Qd4+ 39. Ke2 Qc4+ 40. Kd1 Rh5 41. Bc3 Qb3+ 42. Ke1 Rh1+ 43. Kf2 Qc2+ 44. Kg3 Qg6+ 45. Kf4 Rh4+ 46. Ke3 Qxg2 47. Bxg7 Qg1+ 48. Kd3 Qg6+ 49. Kc3 Qxg7+ 50. Qxg7+ Kxg7 51. Rd3 Kf6 52. Rxd6+ Ke5 53. Ra6 1-0

[Event "SA-2015-0-00465"]
[Site "LSS email"]
[Date "2015.03.31"]
[Round "?"]
[White "Skeels, Jim"]
[Black "Aberbach Peltzman, Angel Sergio"]
[Result "1/2-1/2"]
[WhiteElo "2198"]
[BlackElo "2210"]
[PlyCount "40"]
[EventDate "2015.02.23"]
[EventType "tourn (corr)"]
[EventRounds "6"]
[EventCountry "GER"]
[SourceTitle "Corr 2022"]
[Source "ChessBase"]
[SourceDate "2021.10.24"]
[SourceVersion "1"]
[SourceVersionDate "2021.10.24"]
[SourceQuality "1"]

1. Nf3 Nf6 2. g3 d5 3. Bg2 c6 4. 0-0 Bg4 5. d3 Nbd7 6. Nbd2 e5 7. e4 dxe4 8. dxe4 Be7 9. h3 Bh5 10. b3 0-0 11. Bb2 Qc7 12. Qe1 Rfe8 13. Nh4 Nc5 14. Nc4 Nfd7 15. Nf5 Bf8 16. g4 Bg6 17. Rd1 f6 18. Qa5 b6 19. Qc3 b5 20. Ncd6 Re6 1/2-1/2

[Event "WC-2015-P-00001"]
[Site "LSS email"]
[Date "2015.01.19"]
[Round "?"]
[White "Bujdak, Pavel"]
[Black "Skeels, Jim"]
[Result "1-0"]
[WhiteElo "1707"]
[BlackElo "2197"]
[PlyCount "121"]
[EventDate "2015.01.25"]
[EventType "tourn (corr)"]
[EventRounds "12"]
[EventCountry "GER"]
[SourceTitle "Corr 2022"]
[Source "ChessBase"]
[SourceDate "2021.10.24"]
[SourceVersion "1"]
[SourceVersionDate "2021.10.24"]
[SourceQuality "1"]

1. e4 d6 2. d4 g6 3. Nc3 Bg7 4. Be3 Nd7 5. Qd2 c6 6. Nf3 b5 7. Bd3 Ngf6 8. 0-0 0-0 9. h3 Qc7 10. Ne2 c5 11. c3 e5 12. Ng3 a6 13. a4 Bb7 14. Rfe1 c4 15. Bc2 d5 16. exd5 Nxd5 17. Bh6 Nf4 18. Bxg7 Kxg7 19. Nxe5 Nxe5 20. Rxe5 f6 21. Rc5 Qb8 22. Re1 Rf7 23. Be4 Bxe4 24. Rxe4 Nd3 25. Rc6 Qb7 26. Ree6 Re8 27. a5 Rxe6 28. Rxe6 Re7 29. Qe3 Rxe6 30. Qxe6 Nf4 31. Qe4 Qxe4 32. Nxe4 Nd3 33. Kf1 Kf7 34. Nd6+ Ke7 35. Nxb5 Nxb2 36. Nc7 Na4 37. Nxa6 Nxc3 38. Nc5 Nb5 39. a6 f5 40. Na4 Kd6 41. Nc3 Na7 42. Ke2 Kc6 43. d5+ Kb6 44. Ke3 Kxa6 45. Kd4 Kb6 46. Kxc4 Nc8 47. Nb5 g5 48. Na3 Nd6+ 49. Kd4 Kc7 50. f3 Kd7 51. Nc4 Nb5+ 52. Kc5 Nc3 53. Ne5+ Ke8 54. d6 Ne2 55. g3 h6 56. d7+ Ke7 57. Kc6 Nd4+ 58. Kc7 Nb5+ 59. Kb6 Nd4 60. Nc6+ Kxd7 61. Nxd4 1-0

[Event "WC-2015-P-00001"]
[Site "LSS email"]
[Date "2015.01.19"]
[Round "?"]
[White "Skeels, Jim"]
[Black "Mostowik, Daniel"]
[Result "1/2-1/2"]
[WhiteElo "2197"]
[BlackElo "1967"]
[PlyCount "87"]
[EventDate "2015.01.25"]
[EventType "tourn (corr)"]
[EventRounds "12"]
[EventCountry "GER"]
[SourceTitle "Corr 2022"]
[Source "ChessBase"]
[SourceDate "2021.10.24"]
[SourceVersion "1"]
[SourceVersionDate "2021.10.24"]
[SourceQuality "1"]

1. Nf3 d5 2. g3 Nf6 3. Bg2 c6 4. 0-0 Bg4 5. d3 Nbd7 6. Nbd2 e5 7. e4 dxe4 8. dxe4 Qc7 9. h3 Bh5 10. Qe1 Bc5 11. a4 0-0 12. Nc4 b5 13. axb5 cxb5 14. Ne3 Bxe3 15. Bxe3 Bxf3 16. Bxf3 a5 17. g4 Rfb8 18. g5 Ne8 19. Qd2 Nf8 20. Rfd1 Ra6 21. b3 Ne6 22. Bg4 g6 23. Bxe6 fxe6 24. Qd7 Qxd7 25. Rxd7 a4 26. Bc5 Rc6 27. Be7 Rxc2 28. bxa4 b4 29. Rb1 b3 30. Rd3 b2 31. Ba3 h6 32. a5 hxg5 33. a6 Nf6 34. Rxb2 Rcxb2 35. Bxb2 Rxb2 36. a7 Ra2 37. Rd8+ Kf7 38. a8Q Rxa8 39. Rxa8 Nxe4 40. Kg2 Ke7 41. Kf3 Nd6 42. Ra6 Nf7 43. Ra7+ Kf6 44. Ra8 1/2-1/2

[Event "WC-2015-P-00001"]
[Site "LSS email"]
[Date "2015.01.19"]
[Round "?"]
[White "Zielinski, Sergej"]
[Black "Skeels, Jim"]
[Result "1/2-1/2"]
[WhiteElo "2284"]
[BlackElo "2197"]
[PlyCount "30"]
[EventDate "2015.01.25"]
[EventType "tourn (corr)"]
[EventRounds "12"]
[EventCountry "GER"]
[SourceTitle "Corr 2022"]
[Source "ChessBase"]
[SourceDate "2021.10.24"]
[SourceVersion "1"]
[SourceVersionDate "2021.10.24"]
[SourceQuality "1"]

1. c4 c5 2. Nc3 Nf6 3. Nf3 d5 4. cxd5 Nxd5 5. g3 g6 6. Bg2 Bg7 7. 0-0 0-0 8. Nxd5 Qxd5 9. d4 cxd4 10. Be3 d3 11. Ne1 Qd6 12. Qxd3 Rd8 13. Rd1 Nc6 14. Qxd6 Rxd6 15. Rxd6 exd6 1/2-1/2

[Event "WC-2014-S-00004"]
[Site "LSS email"]
[Date "2014.10.12"]
[Round "?"]
[White "Silkin, Alexey"]
[Black "Skeels, Jim"]
[Result "1-0"]
[WhiteElo "2194"]
[BlackElo "2199"]
[PlyCount "95"]
[EventDate "2014.10.15"]
[EventType "tourn (corr)"]
[EventRounds "12"]
[EventCountry "GER"]
[SourceTitle "Corr 2024"]
[Source "ChessBase"]
[SourceDate "2023.10.19"]
[SourceVersion "1"]
[SourceVersionDate "2023.10.19"]
[SourceQuality "1"]

1. e4 e6 2. d4 d5 3. e5 c5 4. c3 Nc6 5. Nf3 Qb6 6. a3 c4 7. Nbd2 Na5 8. Be2 Bd7 9. 0-0 Ne7 10. Re1 h6 11. Rb1 Qc7 12. Nf1 Nc8 13. Bf4 Nb6 14. Qd2 Be7 15. h4 0-0-0 16. Bg3 Rdg8 17. Qf4 g5 18. hxg5 Be8 19. gxh6 Bf8 20. N3h2 Bxh6 21. Qf3 Ba4 22. Bd1 Bxd1 23. Qxd1 Bg5 24. f4 Bh4 25. Bxh4 Rxh4 26. Qd2 Kb8 27. Qe3 Rh6 28. Nf3 Nb3 29. N1h2 Nc8 30. Ng5 Ne7 31. g3 Nf5 32. Qf2 Rhg6 33. Kg2 Nh6 34. Nhf3 Rh8 35. Rh1 Rgg8 36. Rh4 Nf5 37. Rxh8 Rxh8 38. g4 Nh6 39. Rh1 Qc8 40. Qg3 Ka8 41. Rh4 Nc1 42. Ne1 Qf8 43. Kf1 Nd3 44. Nxd3 cxd3 45. Qxd3 Qg8 46. Qh3 Qg6 47. Nf3 Qd3+ 48. Kg2 1-0

[Event "WC-2014-S-00004"]
[Site "LSS email"]
[Date "2014.10.12"]
[Round "?"]
[White "Skeels, Jim"]
[Black "Orlov, Vladimir"]
[Result "0-1"]
[WhiteElo "2199"]
[BlackElo "2185"]
[PlyCount "126"]
[EventDate "2014.10.15"]
[EventType "tourn (corr)"]
[EventRounds "12"]
[EventCountry "GER"]
[SourceTitle "Corr 2024"]
[Source "ChessBase"]
[SourceDate "2023.10.19"]
[SourceVersion "1"]
[SourceVersionDate "2023.10.19"]
[SourceQuality "1"]

1. Nf3 Nf6 2. g3 d5 3. Bg2 e6 4. 0-0 Be7 5. d3 c5 6. Nbd2 Nc6 7. e4 0-0 8. Re1 b5 9. e5 Nd7 10. Nf1 a5 11. h4 b4 12. Bf4 Ba6 13. N1h2 a4 14. a3 bxa3 15. bxa3 Rb8 16. Ng5 Nd4 17. c3 Nf5 18. Bh3 h6 19. Ngf3 Rb3 20. Qc2 Qb6 21. Bxf5 exf5 22. d4 Qe6 23. h5 Rfb8 24. Nf1 Rb2 25. Qd1 Bxf1 26. Rxf1 c4 27. Kg2 R2b3 28. Qc1 R8b7 29. Rh1 Nf8 30. Ra2 Qc6 31. Nd2 Ne6 32. Qa1 Nc7 33. Re1 Nb5 34. Nb1 Rb6 35. Rc1 Qb7 36. Nd2 Nxc3 37. Nxb3 Nxa2 38. Na5 Qa8 39. Qxa2 Qxa5 40. Qc2 Qa6 41. Qxf5 Bxa3 42. Ra1 Bf8 43. Bc1 a3 44. Qf3 Rb5 45. Bxa3 Ra5 46. e6 Qxe6 47. Bb2 Rxa1 48. Bxa1 Bb4 49. Bb2 Bd2 50. Kf1 Qe1+ 51. Kg2 Qe4 52. Qxe4 dxe4 53. Ba3 c3 54. Bb4 Be1 55. Ba3 c2 56. Bc1 f5 57. Kf1 Bc3 58. d5 Kf7 59. Ke2 Ke7 60. g4 fxg4 61. Ke3 Be1 62. Ba3+ Kf6 63. Bb2+ Kf5 0-1

[Event "SA-2014-0-00407"]
[Site "LSS email"]
[Date "2014.05.16"]
[Round "?"]
[White "Skeels, Jim"]
[Black "Dehaybe, Andre"]
[Result "1/2-1/2"]
[WhiteElo "2232"]
[BlackElo "2197"]
[PlyCount "99"]
[EventDate "2014.04.29"]
[EventType "tourn (corr)"]
[EventRounds "6"]
[EventCountry "GER"]
[SourceTitle "Corr 2022"]
[Source "ChessBase"]
[SourceDate "2021.10.24"]
[SourceVersion "1"]
[SourceVersionDate "2021.10.24"]
[SourceQuality "1"]

1. Nf3 d5 2. g3 c5 3. Bg2 Nf6 4. 0-0 e6 5. d3 Nc6 6. Nbd2 Be7 7. e4 0-0 8. Re1 b6 9. e5 Nd7 10. Nf1 b5 11. h4 h6 12. N1h2 Bb7 13. Bf4 Re8 14. Ng4 Rc8 15. c3 a5 16. Qd2 h5 17. Ngh2 a4 18. a3 Na5 19. Qe2 d4 20. Bg5 Nb3 21. Rad1 dxc3 22. bxc3 b4 23. cxb4 cxb4 24. Bxe7 Qxe7 25. Ng5 Bxg2 26. Qxh5 Nf8 27. Kxg2 bxa3 28. Re4 Red8 29. Rf4 Qb7+ 30. f3 Rc7 31. Ng4 Rd4 32. Nf6+ gxf6 33. Rxf6 a2 34. Rh6 Ng6 35. Rxg6+ fxg6 36. Qxg6+ Kf8 37. Nxe6+ Ke7 38. Qf6+ Ke8 39. Qf8+ Kd7 40. Qf7+ Kc6 41. Nxd4+ Kb6 42. Qf6+ Ka5 43. e6 Qb6 44. Qe5+ Qc5 45. Qxc5+ Rxc5 46. e7 Rc8 47. Nc6+ Kb6 48. Nd8 Rc2+ 49. Kf1 Rh2 50. e8Q 1/2-1/2

[Event "WC-2013-Q-00013"]
[Site "LSS email"]
[Date "2013.10.22"]
[Round "?"]
[White "Sadowski, Marek"]
[Black "Skeels, Jim"]
[Result "0-1"]
[WhiteElo "2339"]
[BlackElo "2221"]
[PlyCount "37"]
[EventDate "2013.10.27"]
[EventType "tourn (corr)"]
[EventRounds "12"]
[EventCountry "GER"]
[SourceTitle "Corr 2022"]
[Source "ChessBase"]
[SourceDate "2021.10.24"]
[SourceVersion "1"]
[SourceVersionDate "2021.10.24"]
[SourceQuality "1"]

1. d4 f5 2. g3 Nf6 3. Bg2 e6 4. c4 Bb4+ 5. Bd2 Bxd2+ 6. Qxd2 0-0 7. Nc3 d6 8. Nf3 Qe7 9. 0-0 c6 10. Rfe1 d5 11. b3 Nbd7 12. Rac1 Ne4 13. Qe3 b6 14. Nxe4 dxe4 15. Ne5 Nxe5 16. dxe5 c5 17. Red1 Rd8 18. f3 exf3 19. Bxf3 0-1

[Event "WC-2013-Q-00013"]
[Site "LSS email"]
[Date "2013.10.22"]
[Round "?"]
[White "Skeels, Jim"]
[Black "Schlenther, Marco"]
[Result "1/2-1/2"]
[WhiteElo "2221"]
[BlackElo "2521"]
[PlyCount "65"]
[EventDate "2013.10.27"]
[EventType "tourn (corr)"]
[EventRounds "12"]
[EventCountry "GER"]
[SourceTitle "Corr 2022"]
[Source "ChessBase"]
[SourceDate "2021.10.24"]
[SourceVersion "1"]
[SourceVersionDate "2021.10.24"]
[SourceQuality "1"]

1. Nf3 Nf6 2. c4 e6 3. Nc3 d5 4. d4 c6 5. Bg5 h6 6. Bh4 dxc4 7. e4 g5 8. Bg3 b5 9. Be2 Bb7 10. h4 g4 11. Ne5 Nbd7 12. Nxd7 Qxd7 13. Be5 Qe7 14. 0-0 Rg8 15. b3 b4 16. Na4 c3 17. Qd3 Nd7 18. Bg3 h5 19. a3 a5 20. Rfd1 Rg6 21. Qc2 Bh6 22. Nc5 Nxc5 23. dxc5 e5 24. axb4 axb4 25. Rxa8+ Bxa8 26. Qa2 Bb7 27. Qa7 Qc7 28. Bxe5 Qxe5 29. Qxb7 Kf8 30. Bc4 Rf6 31. Rd8+ Kg7 32. Qc8 Rxf2 33. Kxf2 1/2-1/2

[Event "WC-2013-Q-00013"]
[Site "LSS email"]
[Date "2013.10.22"]
[Round "?"]
[White "Skeels, Jim"]
[Black "Skonieczny, Jerzy"]
[Result "0-1"]
[WhiteElo "2221"]
[BlackElo "2408"]
[PlyCount "100"]
[EventDate "2013.10.27"]
[EventType "tourn (corr)"]
[EventRounds "12"]
[EventCountry "GER"]
[SourceTitle "Corr 2022"]
[Source "ChessBase"]
[SourceDate "2021.10.24"]
[SourceVersion "1"]
[SourceVersionDate "2021.10.24"]
[SourceQuality "1"]

1. Nf3 d5 2. g3 Nf6 3. Bg2 c5 4. 0-0 Nc6 5. d3 e5 6. e4 d4 7. Nbd2 Bd6 8. Nh4 Bg4 9. f3 Be6 10. Nf5 Bf8 11. Qe2 g6 12. f4 Nd7 13. fxe5 Ndxe5 14. Nf3 f6 15. Nxe5 Nxe5 16. Bf4 Qd7 17. a4 c4 18. Bxe5 cxd3 19. cxd3 fxe5 20. Nh4 Bg7 21. Rac1 Qe7 22. Qd2 a5 23. Rb1 Bb3 24. Ra1 Bf6 25. Nf3 0-0 26. Bh3 Ra6 27. Ra3 Bf7 28. Raa1 Kg7 29. Rfc1 Rfa8 30. Qc2 Rc6 31. Qd2 Rxc1+ 32. Qxc1 Ra6 33. Qd2 h6 34. Rc1 Bb3 35. Rc8 Bxa4 36. Rb8 h5 37. Rc8 Bb5 38. b3 Be8 39. Qc2 Rc6 40. Rxc6 Bxc6 41. Kf2 Qb4 42. Be6 Qc3 43. Qd2 b5 44. Ke2 g5 45. Kd1 Bxe4 46. dxe4 Qxf3+ 47. Qe2 g4 48. Qxf3 gxf3 49. Ke1 d3 50. Bd7 Bg5 0-1

[Event "SA-2013-0-00363"]
[Site "LSS email"]
[Date "2013.08.24"]
[Round "?"]
[White "Skeels, Jim"]
[Black "Milde, Lars"]
[Result "1/2-1/2"]
[WhiteElo "2104"]
[BlackElo "2075"]
[PlyCount "43"]
[EventDate "2013.08.09"]
[EventType "tourn (corr)"]
[EventRounds "6"]
[EventCountry "GER"]
[SourceTitle "Corr 2015"]
[Source "ChessBase"]
[SourceDate "2015.07.17"]
[SourceVersion "1"]
[SourceVersionDate "2015.07.17"]
[SourceQuality "1"]

1. Nf3 Nf6 2. g3 g6 3. Bg2 Bg7 4. 0-0 0-0 5. d3 d6 6. e4 e5 7. Nbd2 Nc6 8. Nc4 h6 9. c3 Be6 10. Re1 Re8 11. Ne3 Qd7 12. Nh4 d5 13. Qe2 Rad8 14. Rd1 a5 15. Nf3 Qe7 16. exd5 Nxd5 17. Nc4 Qd7 18. Nfd2 b6 19. a4 Bg4 20. f3 Be6 21. Na3 f5 22. Nb5 1/2-1/2

[Event "WC-2017-P-00016"]
[Site "LSS email"]
[Date "2013.02.27"]
[Round "?"]
[White "Obukhov, Gennady Nikolaevich"]
[Black "Skeels, Jim"]
[Result "1-0"]
[WhiteElo "1898"]
[BlackElo "2134"]
[PlyCount "127"]
[EventDate "2013.03.03"]
[EventType "tourn (corr)"]
[EventRounds "12"]
[EventCountry "GER"]
[SourceTitle "Telechess CBM 167"]
[Source "ChessBase"]
[SourceDate "2015.07.13"]
[SourceVersion "1"]
[SourceVersionDate "2015.07.13"]
[SourceQuality "1"]

1. d4 g6 2. e4 Bg7 3. h4 c5 4. dxc5 Qa5+ 5. c3 Qxc5 6. h5 Nf6 7. h6 Bf8 8. Be3 Qc7 9. Nd2 Nc6 10. Bd3 e6 11. Qe2 Be7 12. 0-0-0 Rb8 13. f4 b5 14. Kb1 0-0 15. g4 b4 16. c4 d5 17. g5 Nxe4 18. Nxe4 dxe4 19. Bxe4 b3 20. a3 Na5 21. Nf3 Ba6 22. Rc1 Rbc8 23. Bd3 Rfd8 24. Ne5 Nc6 25. Nxc6 Qxc6 26. Rhd1 Bc5 27. Rc3 Qb6 28. Bxc5 Qxc5 29. Rdc1 Rb8 30. Ka1 Kf8 31. Qe1 Ke7 32. Be4 Rd4 33. Bd5 Kd7 34. Bf3 Ke7 35. Qe3 Rc8 36. Be2 Rd7 37. Qf3 Bb7 38. Qg3 Be4 39. Rxb3 Qd4 40. Qe1 Qd2 41. Qxd2 Rxd2 42. Bf3 Bxf3 43. Rxf3 Kd6 44. Kb1 Rd8 45. Rcc3 Kc6 46. Rb3 Kc7 47. Rb4 a5 48. Rb5 a4 49. Rb4 Rb8 50. Ka2 Ra8 51. Rc3 Kc6 52. c5 Rd5 53. Rcc4 e5 54. Rb6+ Kc7 55. Rf6 exf4 56. Re4 Rd7 57. c6 Rd6 58. Rxf7+ Kxc6 59. Rxh7 Rf8 60. Rg7 f3 61. Re1 Kc5 62. Rc1+ Kb5 63. Rf1 Rf4 64. Rh1 1-0

[Event "WC-2017-P-00016"]
[Site "LSS email"]
[Date "2013.02.27"]
[Round "?"]
[White "Skeels, Jim"]
[Black "Tarmak, Mart"]
[Result "1/2-1/2"]
[WhiteElo "2134"]
[BlackElo "2060"]
[PlyCount "67"]
[EventDate "2013.03.03"]
[EventType "tourn (corr)"]
[EventRounds "12"]
[EventCountry "GER"]
[SourceTitle "Telechess CBM 167"]
[Source "ChessBase"]
[SourceDate "2015.07.13"]
[SourceVersion "1"]
[SourceVersionDate "2015.07.13"]
[SourceQuality "1"]

1. Nf3 d6 2. g3 g6 3. Bg2 Bg7 4. 0-0 e5 5. d3 f5 6. c3 Nf6 7. Qb3 Qe7 8. Nbd2 Nbd7 9. Ng5 Nb6 10. Ndf3 Nh5 11. e4 f4 12. gxf4 Nxf4 13. Bxf4 exf4 14. e5 d5 15. a4 a5 16. e6 0-0 17. Bh3 Re8 18. Rae1 Qf6 19. Qb5 Re7 20. Kh1 h6 21. Nf7 Bxe6 22. Bxe6 Rxe6 23. N7e5 g5 24. Rg1 Ra6 25. d4 Qf5 26. Rg2 c6 27. Qb3 Bxe5 28. Nxe5 Re7 29. Qd1 c5 30. h4 Nd7 31. Nxd7 Rxe1+ 32. Qxe1 Qxd7 33. hxg5 Rg6 34. dxc5 1/2-1/2

[Event "WC-2017-P-00016"]
[Site "LSS email"]
[Date "2013.02.27"]
[Round "?"]
[White "Tarmak, Mart"]
[Black "Skeels, Jim"]
[Result "1-0"]
[WhiteElo "2060"]
[BlackElo "2134"]
[PlyCount "87"]
[EventDate "2013.03.03"]
[EventType "tourn (corr)"]
[EventRounds "12"]
[EventCountry "GER"]
[SourceTitle "Telechess CBM 167"]
[Source "ChessBase"]
[SourceDate "2015.07.13"]
[SourceVersion "1"]
[SourceVersionDate "2015.07.13"]
[SourceQuality "1"]

1. e4 g6 2. d4 Bg7 3. Nc3 d6 4. Bg5 c5 5. dxc5 Qa5 6. Qd2 Qxc5 7. Nd5 Be6 8. c4 Nf6 9. f3 Nbd7 10. Rc1 Ne5 11. Be3 Qc6 12. b3 Qd7 13. Ne2 0-0 14. Nec3 Nc6 15. Be2 h5 16. 0-0 h4 17. Nf4 Bh6 18. h3 Bxf4 19. Bxf4 Nh5 20. Bh6 Ng3 21. Rf2 Rfc8 22. Qg5 Nxe2+ 23. Rxe2 Nd4 24. Rd2 Rc5 25. Qe3 Nc6 26. Nd5 f6 27. b4 Nxb4 28. Nxb4 Rac8 29. Nd3 Rxc4 30. Rxc4 Bxc4 31. e5 d5 32. Nf4 g5 33. Nh5 Qe6 34. Bxg5 fxe5 35. Bxh4 Kf7 36. g4 Qb6 37. Qxb6 axb6 38. Bg3 Ke6 39. Ng7+ Kf6 40. Nf5 Ra8 41. Bh4+ Ke6 42. Bxe7 Bxa2 43. Rb2 Ra6 44. Bd8 1-0

[Event "RM-2012-0-00108"]
[Site "LSS email"]
[Date "2012.12.16"]
[Round "?"]
[White "Skeels, Jim"]
[Black "Almeida, Ramiro da Costa"]
[Result "1/2-1/2"]
[WhiteElo "2155"]
[BlackElo "2201"]
[PlyCount "54"]
[EventDate "2012.08.07"]
[EventType "tourn (corr)"]
[EventRounds "6"]
[EventCountry "GER"]
[SourceTitle "Telechess CBM 159"]
[Source "ChessBase"]
[SourceDate "2014.03.17"]
[SourceVersion "1"]
[SourceVersionDate "2014.03.17"]
[SourceQuality "1"]

1. Nf3 c5 2. g3 Nc6 3. Bg2 g6 4. 0-0 Bg7 5. d3 d5 6. Nbd2 Nf6 7. e4 0-0 8. c3 dxe4 9. dxe4 h6 10. Qe2 Be6 11. Nc4 Rc8 12. Ne1 Qd7 13. f4 Rfd8 14. Ne3 Bh3 15. e5 Bxg2 16. N1xg2 Nd5 17. Rd1 Qe6 18. Nxd5 Rxd5 19. Rxd5 Qxd5 20. Ne3 Qe4 21. Qc4 Qxc4 22. Nxc4 Rd8 23. Be3 b6 24. Re1 f6 25. exf6 exf6 26. a4 Kf7 27. Kg2 h5 1/2-1/2